LEADER 00952nam 2200349 450 001 9910794011603321 005 20230822235439.0 010 $a3-8382-7401-6 035 $a(CKB)4100000011339481 035 $a(MiAaPQ)EBC6335839 035 $a(EXLCZ)994100000011339481 100 $a20210123d2020 uy 0 101 0 $aeng 135 $aurcnu|||||||| 181 $ctxt$2rdacontent 182 $cc$2rdamedia 183 $acr$2rdacarrier 200 00$aCreative industries in Syria $echanges and adaptation /$fSarab Atassi 210 1$aBerlin, Germany :$cIbidem Verlag,$d[2020] 210 4$dİ2020 215 $a1 online resource (219 pages) $cillustrations 606 $aBusiness 615 0$aBusiness. 676 $a320 702 $aAtassi$b Sarab 801 0$bMiAaPQ 801 1$bMiAaPQ 801 2$bMiAaPQ 906 $aBOOK 912 $a9910794011603321 996 $aCreative industries in Syria$93786355 997 $aUNINA LEADER 00966nam a2200289 i 4500 001 991000265349707536 005 20241119173252.0 008 010810s1970 it er ||1 |dita d 035 $ab10053542-39ule_inst 035 $aPARLA218484$9ExL 040 $aBibl. Dip.le Aggr. Studi Umanistici - Sez. Filosofia$bita$dSocioculturale Scs 041 0 $aita 082 04$a142.7092$223 100 1 $aRaggiunti, Renzo$0154778 245 10$aIntroduzione a Husserl /$cRenzo Raggiunti 246 18$aHusserl 260 $aBari :$bLaterza,$c1970 300 $a143 p. ;$c18 cm. 490 1 $aI filosofi ;$v1 600 14$aHusserl, Edmund 830 2$aI filosofi ;$v1 907 $a.b10053542$b16-12-16$c27-06-02 912 $a991000265349707536 945 $aLE005 MF 16 G 30$g1$iLE005A-1328$lle005$o-$pE0.00$q-$rl$s-$t0$u0$v0$w0$x0$y.i10061794$z27-06-02 996 $aIntroduzione a Husserl$998208 997 $aUNISALENTO 998 $ale005$b01-01-01$cm$da$e-$fita$git$h0$i1